|
|
|
|
| LEADER |
00000nam a2200000 a 4500 |
| 001 |
vtls001516570 |
| 003 |
SK-MaSNL |
| 005 |
20260302073900.0 |
| 008 |
050301 000 0 eng |
| 040 |
|
|
|a SNK
|b slo
|c SNK
|e AACR2
|
| 100 |
1 |
|
|a Šedivý, Jaroslav,
|d 1934-1988
|4 aut
|9 258256
|
| 245 |
1 |
|
|a O modernizaci školské matematiky
|
| 250 |
|
|
|a 2. vyd.
|
| 260 |
|
|
|a Praha
|b Státní pedagogické nakladatelství
|c 1973
|
| 300 |
|
|
|a 324 s.
|
| 999 |
|
|
|c 1162705
|d 1164635
|
| 952 |
|
|
|a SNK
|b SNK
|y NEVYP
|7 0
|p 17A0459575
|o snkIC 55714 D1
|i snkKIP 9322/73
|3 rekatalogizácia
|0 0
|1 1
|4 0
|d 2005-03-01
|l 0
|r 2026-02-24 20:38:38
|w 2026-02-24
|